| 000 | 00699nam a22002057a 4500 | ||
|---|---|---|---|
| 003 | NUST-PNEC | ||
| 005 | 20170114142535.0 | ||
| 008 | 140509b xxu||||| |||| 00| 0 eng d | ||
| 020 | _a0131989235 | ||
| 040 | _cPNEC | ||
| 082 | _a621.3822 PHI | ||
| 100 |
_9110 _aPhillips, Charles L. |
||
| 245 |
_aSignals, systems, and transforms _cCharles L. Phillips |
||
| 250 | _a4th ed. | ||
| 260 |
_aNew Delhi _bPearson _cc.2009 |
||
| 300 |
_a784 p. : _bill. : _c24 cm |
||
| 500 | _aIncludes index. http://www.amazon.com/Signals-Systems-Transforms-4th-Edition/dp/0131989235/ref=sr_1_1?ie=UTF8&qid=1399632861&sr=8-1&keywords=signal+systems+and+transforms+phillips+4th | ||
| 650 | _xME, MIS | ||
| 942 |
_2ddc _cBK |
||
| 999 |
_c60108 _d60108 |
||